Normal view
MARC view
- اصول الفقه الاسلامي- الاستحسان- القياس- التفكير
Entry Topical Term
001 - CONTROL NUMBER
- control field: 20367
003 - CONTROL NUMBER IDENTIFIER
- control field: JO-AjAnu
005 - DATE AND TIME OF LATEST TRANSACTION
- control field: 20230606073538.0
008 - FIXED-LENGTH DATA ELEMENTS
- fixed length control field: 230606|| aca||aabn | a|a d
040 ## - CATALOGING SOURCE
- Original cataloging agency: JO-AjAnu
- Transcribing agency: JO-AjAnu
150 ## - HEADING--TOPICAL TERM
- Topical term or geographic name entry element: اصول الفقه الاسلامي- الاستحسان- القياس- التفكير
670 ## - SOURCE DATA FOUND
- Source citation: Work cat.: (JO-AjAnu)10459: الاندلسي، ابن حزم ؛ تحقيق: سعيد الافغاني, author 20366, ملخص إبطال الرأي والإستحسان والتقليد والتعليل